[Event "FRA-ch op-B"]
[Site "Val d'Isere"]
[Date "2002.08.??"]
[Round "9.5"]
[White "Iwaszko, Piotr"]
[Black "Wimmer, Gregory"]
[Result "1-0"]
[WhiteElo "2000"]
[BlackElo "1840"]
[PlyCount "109"]
[EventDate "2002.08.20"]
[EventType "swiss"]
[EventRounds "11"]
[EventCountry "FRA"]
[SourceTitle "EXT 2003"]
[Source "ChessBase"]
[SourceDate "2002.11.25"]
[SourceVersion "1"]
[SourceVersionDate "2002.11.25"]
[SourceQuality "1"]

1. d4 d5 2. Nf3 Bf5 3. c4 e6 4. Nc3 c6 5. Bg5 f6 6. Bf4 Bb4 7. cxd5 exd5 8. e3 Ne7 9. Bd3 0-0 10. 0-0 Nd7 11. Qc2 Bxd3 12. Qxd3 Re8 13. Ne2 Nf8 14. a3 Ba5 15. b4 Bb6 16. Nc3 g5 17. Bg3 Nfg6 18. Na4 Bc7 19. Bxc7 Qxc7 20. Nc5 b6 21. Nb3 g4 22. Nfd2 Kf7 23. Rfc1 a6 24. a4 h5 25. b5 axb5 26. axb5 Rxa1 27. Nxa1 c5 28. dxc5 bxc5 29. Qc3 c4 30. Nab3 h4 31. Nf1 Rb8 32. Nd4 h3 33. g3 Qe5 34. Nd2 Nf5 35. Nxf5 Qxf5 36. e4 Qe5 37. Qa5 Rb7 38. b6 dxe4 39. Qa6 Qe7 40. Qxc4+ Qe6 41. Rb1 e3 42. fxe3 Qxc4 43. Nxc4 Ke7 44. Na5 Rxb6 45. Rxb6 Nf8 46. Nc6+ Kd6 47. Nd4+ Ke5 48. Rb7 Ke4 49. Re7+ Kd3 50. Rf7 Ng6 51. Rxf6 Ne5 52. Re6 Nc4 53. Nf5 Na3 54. Nh6 Nc2 55. Kf2 1-0